Places To Study
There are group study rooms, individual study carrels, computer labs, and other spaces to study in the Libraries.
Reserve A Group Room| 000 -LEADER | |
|---|---|
| fixed length control field | 00865nam a22001817a 4500 |
| 003 - CONTROL NUMBER IDENTIFIER | |
| control field | OSt |
| 005 - DATE AND TIME OF LATEST TRANSACTION | |
| control field | 20251212092047.0 |
| 008 - FIXED-LENGTH DATA ELEMENTS--GENERAL INFORMATION | |
| fixed length control field | 251212b |||||||| |||| 00| 0 eng d |
| 040 ## - CATALOGING SOURCE | |
| Transcribing agency | DCL |
| 082 ## - DEWEY DECIMAL CLASSIFICATION NUMBER | |
| Classification number | ၂၉၄.၃၈၂ |
| 100 0# - MAIN ENTRY--PERSONAL NAME | |
| Personal name | သာသနဝရ၊ |
| Titles and words associated with a name | ဘဒ္ဒန္တ- |
| 245 10 - TITLE STATEMENT | |
| Title | ပိဋကတ်မြန်မာပြန်လမ်းညွှန် (သုတ္တန်အမည် အက္ခရာစဉ်) / |
| Statement of responsibility, etc. | ဘဒ္ဒန္တသာသနဝရ။ |
| 264 ## - PRODUCTION, PUBLICATION, DISTRIBUTION, MANUFACTURE, AND COPYRIGHT NOTICE | |
| Place of production, publication, distribution, manufacture | ရန်ကုန် ၊ |
| Name of producer, publisher, distributor, manufacturer | ကောင်းထွဋ်စာပေ၊ |
| Date of production, publication, distribution, manufacture, or copyright notice | ၂၀၁၆။ |
| 300 ## - PHYSICAL DESCRIPTION | |
| Extent | န၊ ၁၄၇၉ စာမျက်နှာ ၊ |
| Dimensions | ၂၇ စင်တီ။ |
| 650 ## - SUBJECT ADDED ENTRY--TOPICAL TERM | |
| Topical term or geographic name entry element | ပိဋကသုံးပုံ |
| 650 ## - SUBJECT ADDED ENTRY--TOPICAL TERM | |
| Topical term or geographic name entry element | ပိဋကသုံးပုံ |
| Form subdivision | မြန်မာပြန်။ |
| 942 ## - ADDED ENTRY ELEMENTS (KOHA) | |
| Source of classification or shelving scheme | Dewey Decimal Classification |
| Koha item type | Short Term |
| Suppress in OPAC | No |
| Withdrawn status | Lost status | Source of classification or shelving scheme | Damaged status | Not for loan | Collection | Accession No. | Home library | Current library | Shelving location | Date acquired | Total checkouts | Full call number | Barcode | Date last seen | Price effective from | Koha item type |
|---|---|---|---|---|---|---|---|---|---|---|---|---|---|---|---|---|
| Dewey Decimal Classification | Not For Loan | Myanmar Collection | ၇၁၈ | Dhammadhara | Dhammadhara | Myanmar Shelves | 12/12/2025 | ၂၉၄.၃၈၂ သာ ၇၁၈(ရည်) (၁) | MB00000718 | 12/12/2025 | 12/12/2025 | Short Term | ||||
| Dewey Decimal Classification | Myanmar Collection | ၇၁၉ | Dhammadhara | Dhammadhara | Myanmar Shelves | 12/12/2025 | ၂၉၄.၃၈၂ သာ ၇၁၉(ရည်) (၂) | MB00000719 | 12/12/2025 | 12/12/2025 | Short Term |